LEADER 02485 am 2200541 n 450 001 9910495983303321 005 20200129 010 $a2-7574-2597-8 024 7 $a10.4000/books.septentrion.83158 035 $a(CKB)5590000000006667 035 $a(FrMaCLE)OB-septentrion-83158 035 $a(oapen)https://directory.doabooks.org/handle/20.500.12854/87090 035 $a(PPN)251072622 035 $a(EXLCZ)995590000000006667 100 $a20201123j|||||||| ||| 0 101 0 $afre 135 $auu||||||m|||| 181 $ctxt$2rdacontent 182 $cc$2rdamedia 183 $acr$2rdacarrier 200 12$aL?auteur encombrant : Stendhal - Armance /$fJean Bellemin-Noël 210 $aVilleneuve d'Ascq $cPresses universitaires du Septentrion$d2020 215 $a1 online resource (108 p.) 225 1 $aObjet 311 $a2-85939-259-9 330 $aSi Stendhal n?avait pas confié à Mérimée dans une lettre que le héros d?Armance était un impuissant, comment lirait-on le roman ? Depuis plus d?un siècle cette confidence écrase littéralement amateurs et spécialistes. Voici une tentative pour considérer le texte comme si l?indiscrétion n?avait jamais eu lieu. Cela découvre de nouvelles richesses, des cohérences cachées. L?histoire forme deux boucles qui se superposent. Le récit épouse de façon curieuse le schéma de la mélancolie tel que Freud l?a reconstitué... En ignorant à dessein ce que l?écrivain croyait écrire et ce qui inconsciemment l?animait, la lecture textanalytique fait travailler autrement la fiction. Au risque de faire surgir une dimension supplémentaire de secret et de laisser entrevoir un critique à son tour « encombrant ». Mais ne vaut-il pas mieux regarder les choses en face ? 517 $aL?auteur encombrant  517 $aAuteur encombrant 606 $aLiterature (General) 606 $alittérature 606 $alittérature française 606 $aArmance 606 $aStendhal 610 $alittérature 610 $alittérature française 610 $aArmance 610 $aStendhal 615 4$aLiterature (General) 615 4$alittérature 615 4$alittérature française 615 4$aArmance 615 4$aStendhal 700 $aBellemin-Noël$b Jean$0376981 801 0$bFR-FrMaCLE 906 $aBOOK 912 $a9910495983303321 996 $aL?auteur encombrant : Stendhal - Armance$93038375 997 $aUNINA